[Event "Vlissingen HZ op 18th"]
[Site "Vlissingen"]
[Date "2014.08.09"]
[Round "9"]
[White "Beeke, Bobby"]
[Black "Hoffman, Ron"]
[Result "1-0"]
[WhiteElo "2243"]
[BlackElo "2088"]
[PlyCount "101"]
[EventDate "2014.08.02"]
[EventType "swiss"]
[EventRounds "9"]
[EventCountry "NED"]
[SourceTitle "CBM 161 Extra"]
[Source "ChessBase"]
[SourceDate "2014.08.29"]
[SourceVersion "1"]
[SourceVersionDate "2014.08.29"]
[SourceQuality "1"]

1. d4 Nf6 2. Nf3 g6 3. c4 Bg7 4. Nc3 0-0 5. e4 d6 6. Be2 e5 7. Be3 Ng4 8. Bg5 f6 9. Bh4 Nc6 10. d5 Ne7 11. Nd2 Nh6 12. f3 g5 13. Bf2 f5 14. Qc2 Ng6 15. 0-0-0 Nf4 16. Bf1 a6 17. Kb1 Bd7 18. c5 Qe7 19. Qb3 Rfb8 20. Nc4 Nf7 21. cxd6 Nxd6 22. Nxd6 cxd6 23. Na4 Bxa4 24. Qxa4 b5 25. Qa5 fxe4 26. fxe4 Qb7 27. g3 Ng6 28. Bh3 Bf6 29. Be3 h6 30. Rhf1 Rf8 31. Bf5 Kg7 32. Rc1 Bd8 33. Qb4 Rf6 34. Bxg6 a5 35. Rxf6 axb4 36. Rf7+ Qxf7 37. Bxf7 Kxf7 38. Bd2 b3 39. axb3 Ke7 40. h4 gxh4 41. gxh4 Kd7 42. Rg1 Bxh4 43. Rg7+ Kc8 44. Bxh6 Rb8 45. Bd2 Rb7 46. Rg8+ Kd7 47. Kc2 Bd8 48. Kd3 Bc7 49. Bb4 Ra7 50. Rg7+ Kc8 51. Bxd6 1-0

[Event "Vlissingen HZ op 18th"]
[Site "Vlissingen"]
[Date "2014.08.08"]
[Round "8"]
[White "Hoffman, Ron"]
[Black "Schippers, Maurice"]
[Result "1/2-1/2"]
[WhiteElo "2088"]
[BlackElo "2267"]
[PlyCount "118"]
[EventDate "2014.08.02"]
[EventType "swiss"]
[EventRounds "9"]
[EventCountry "NED"]
[SourceTitle "CBM 161 Extra"]
[Source "ChessBase"]
[SourceDate "2014.08.29"]
[SourceVersion "1"]
[SourceVersionDate "2014.08.29"]
[SourceQuality "1"]

1. d4 Nf6 2. c4 c5 3. d5 b5 4. Qc2 bxc4 5. e4 d6 6. Bxc4 g6 7. Nf3 Bg7 8. 0-0 0-0 9. Nc3 Nbd7 10. Re1 Rb8 11. h3 Nb6 12. Bf1 Bb7 13. a4 a6 14. Bf4 Kh8 15. Nd2 Nh5 16. Bh2 f5 17. a5 Na8 18. Nc4 Nc7 19. Rad1 fxe4 20. Qxe4 e5 21. Nb6 Qf6 22. Qc2 Qf7 23. Ne4 Rfd8 24. Bc4 Qe7 25. Qd2 Nb5 26. Qg5 Qf8 27. Qg4 Nf6 28. Nxf6 Bxf6 29. Re4 Qg7 30. Kh1 Rf8 31. Bxb5 axb5 32. Qd7 Be7 33. f4 Rfd8 34. Qe6 Bf6 35. fxe5 dxe5 36. Bxe5 Bxe5 37. Qxe5 Qxe5 38. Rxe5 Rd6 39. Re7 c4 40. Nd7 Ra8 41. Nb6 Rb8 42. Rc7 Ba6 43. Rd4 h6 44. Re4 b4 45. Rd4 Rbd8 46. Kg1 Kg8 47. Kf2 Rf6+ 48. Ke3 Re8+ 49. Re4 Rd8 50. Re5 c3 51. bxc3 b3 52. Na4 Rf1 53. Rc6 Bb5 54. Rxg6+ Kh7 55. Rg4 Bxa4 56. Re7+ Kh8 57. Rb7 Re1+ 58. Kf2 Ra1 59. a6 Bd7 1/2-1/2